00245nam a2200085Ia 4500008004100000082001700041100002300058245005800081300002000139230907s9999||||xx |||||||||||||| ||und|| a621.382bCVI aCvijetic, Milorad. 0aAdvanced optical communication systems and networks / axx, 804 pages :